Quiz sur la guerre de sept ans - Statistiques

Statistiques générales
  • Ce quiz a été pris 240 fois
  • Le résultat moyen est 5 sur 9
Statistiques - réponses
Question Réponse % Correct
En quelle année débute la guerre de sept ans ? 1756
95%
Quel traité signe la paix ? Traité de Paris
87%
Qui était le roi durant cet période en France ? Louis XV
83%
Quels sont les principales puissances de ce conflit ? France-Autriche et Grande Bretagne-Prusse
75%
Sur quel territoire se passe la guerre de sept ans ? Amerique du nord, Inde et Europe
66%
Quel pays ne participe pas a la guerre de sept ans ? norvege
57%
Quel personnage ne participe pas a la guerre de sept ans ? Mikhaïl Koutouzov
39%
Quelle bataille n'a jamais eu lieu ? Bataille de Reichshoffen
30%
Que perd la France suite a sa défaite ? Perd son influence à l'international
15%
Aucun quiz correspondant
Distribution des résultats
% des personnes avec chaque résultat
Percentile par nombre de réponses
Votre historique - résultats
Vous n’avez pas pris ce quiz